Statistics for Geography General Knowledge #4

Click here to take the quiz!

General Stats

  • This quiz has been taken 74,278 times
    (2,508 since last reset)
  • The average score is 16 of 20

Answer Stats

Question Answer % Correct
What is the largest island in the Caribbean?Cuba
92%
What mountain was, according to legend, the home of the Greek gods?Mount Olympus
91%
What city's name can be spelled by re-arranging the letters in Tokyo?Kyoto
89%
What is the Southern Hemisphere's equivalent to the Tropic of Cancer?Tropic of Capricorn
89%
Lemurs are native to what island?Madagascar
88%
What U.S. state was an independent country between 1836 and 1846?Texas
87%
What is the largest island in the country of Australia (not counting the mainland)?Tasmania
86%
What Egyptian city was once home to the world's greatest library?Alexandria
83%
What is the capital of Pakistan?Islamabad
83%
In what mountain range is the Matterhorn located?The Alps
80%
What country has the largest Muslim population?Indonesia
79%
What is considered to be Hinduism's most sacred river?Ganges
78%
What city was once known as Tenochtitlan?Mexico City
77%
What Roman wall lies near the boundary of Scotland and England?{Hadrian}'s Wall
76%
What is the largest city in the Midlands region of England?Birmingham
71%
What is the nickname of Rome?The {Eternal} City
70%
In what language are Kardashian and Sarkisian common surnames?Armenian
67%
In what country did Gurkha soldiers originate?Nepal
65%
What volcano in Washington state erupted in 1980, killing 57 people?Mount St. Helens
64%
What larger mountain range includes the Adirondacks and the Blue Ridge mountains?Appalachian
60%

Score Distribution

Percentile by Number Answered

Percent of People with Each Score

Your Score History

You have not taken this quiz since the last reset